Szczegóły MARC21

Five centuries of farming : a short history of Dutch agriculture 1500-2000 /

005 -DATA I CZAS OSTATNIEJ MODYFIKACJI [,]
    • @
    • pole kontrolne
    • 20140616083136.0
020 -Międzynarod. znormalizowany nr książki - ISBN [ , ]
    • a
    • Numer ISBN
    • 9789086861330 Find
020 -Międzynarod. znormalizowany nr książki - ISBN [ , ]
    • z
    • Błędny ISBN (P)
    • 9789086866939 Find
040 -Instytucja sporządzająca opis [ , ]
    • a
    • Instytucja, która sporządziła opis (NP)
    • SZCZ U/JG
    • c
    • Instytucja, która sporządziła rekord (NP)
    • SZCZ U/JG
    • d
    • Instytucja, która zmodyfikowała rekord (P)
    • SZCZ U/ML
041 -Język dokumentu [0, ]
    • a
    • Język tekstu (P)
    • angielski
044 -Kraj miejsca wydania [ , ]
    • a
    • Kraj miejsca wydania
    • Niderlandy
942 -Rodzaj dokumentu [ , ]
    • c
    • Rodzaj dokumentu
    • Książka
100 -Hasło główne - nazwa osobowa [1, ]
    • 9
    • KHW
    • 71640
    • a
    • Nazwa osobowa (NP)
    • Bieleman, Jan
    • d
    • Daty biograficzne (NP)
    • (1949- ).
245 -Strefa tytułu i oznaczenia odpowiedzialności [1,0]
    • a
    • Tytuł
    • Five centuries of farming : Find
    • b
    • Ciąg dalszy tytułu (NP)
    • a short history of Dutch agriculture 1500-2000 / Find
    • c
    • Pozostałe elementy strefy tytułu i oznaczenia odpowiedzialności (NP)
    • Jan Bieleman.
260 -Strefa adresu wydawniczego [ , ]
    • a
    • Miejsce wydania (P)
    • Wageningen :
    • b
    • Nazwa wydawcy (P)
    • Wageningen Academic Publishers,
    • c
    • Data wydania (P)
    • 2010
300 -Strefa opisu fizycznego [ , ]
    • a
    • Określenie formy książki i/lub objętość (NP)
    • 367 s. :
    • b
    • Oznaczenie ilustracji (NP)
    • il. ;
    • c
    • Format (NP)
    • 24 cm.
490 -Strefa serii i książki wielotomowej - forma nie do wyszukiwania [1, ]
    • a
    • Tytuł (P)
    • Mansholt publication series ; Find
    • v
    • Numeracja (P)
    • vol. 8
830 -Hasło dodatkowe serii i opisu książki wielotomowej - tytuł ujednolicony/tytuł [ ,0]
    • 9
    • KHW
    • 71641
    • a
    • Tytuł ujednolicony/tytuł (NP)
    • Mansholt Publication Series
    • x
    • ISSN
    • 1871-9309
    • v
    • Oznaczenie tomu (NP)
    • Vol. 8
504 -Uwaga dot. bibliogr. załącznikowej [ , ]
    • a
    • Uwaga dot. bibliografii załącznikowej
    • Bibliogr. s. 321-339. Indeks.
080 -Uniwersalna Klasyfikacja Dziesiętna [ , ]
    • 2
    • Identyfikator wydania tablic
    • UDC-P058
    • 9
    • UKD
    • 5264
    • a
    • Symbol klasyfikacji
    • 63
    • b
    • Dopowiedzenie
    • Rolnictwo. Leśnictwo. Hodowla. Produkcja zwierzęca. Łowiectwo. Rybactwo.
    • 4
    • UKD2
    • 15211
    • x
    • Poddział wspólny
    • (492)
    • c
    • Dopowiedzenie poddz. wspólnego
    • (Holandia).
    • 4
    • UKD2
    • 14945
    • x
    • Poddział wspólny
    • "15/19"
    • c
    • Dopowiedzenie poddz. wspólnego
    • Wiek XVI/XX.
    • 4
    • UKD2
    • 7666
    • x
    • Poddział wspólny
    • (091)
    • c
    • Dopowiedzenie poddz. wspólnego
    • (Opracowania historyczne).
    • 4
    • UKD2
    • 7644
    • x
    • Poddział wspólny
    • =111
    • c
    • Dopowiedzenie poddz. wspólnego
    • =Język angielski.
980 -Symbol UKD [ , ]
    • a
    • UKD
    • 63(492)"15/19"(091)=111
710 -Hasło dodatkowe - nazwa ciała zbiorowego [2, ]
    • 4
    • Kod relacji
    • pbl
    • 9
    • KHW
    • 71611
    • a
    • Nazwa ciała zbiorowego lub nazwa geograficzna jako pierwszy element (NP)
    • Wageningen Academic Publishers.
920 -ISBN [ , ]
    • a
    • ISBN
    • 978-90-8686-133-0 Find
920 -ISBN [ , ]
    • z
    • Błędny ISBN
    • 978-90-8686-693-9 (e-ISBN) Find
Status udost. Numer inwentarzowy Sygnatura Data inwentaryzacji Lokalizacja
-2T.15692T.156922014-03-27T